ბათუმის შოთა რუსთაველის სახელმწიფო უნივერსიტეტის ბიბლიოთეკა

Биология пчелиной семьи (ბიბ.ჩანაწერი № 45072)

000 -LEADER
fixed length control field 00579nam a2200217Ia 4500
001 - CONTROL NUMBER
control field 11895
003 - CONTROL NUMBER IDENTIFIER
control field GE_BSU
008 - FIXED-LENGTH DATA ELEMENTS--GENERAL INFORMATION
fixed length control field 181216s||||||||xx |||||||||||||| ||und||
040 ## - CATALOGING SOURCE
Transcribing agency GE_BSU
080 ## - UNIVERSAL DECIMAL CLASSIFICATION NUMBER
Universal Decimal Classification number 638.12(075.3)
100 ## - MAIN ENTRY--PERSONAL NAME
Personal name Лаврехин,Ф.А.
245 ## - TITLE STATEMENT
Title Биология пчелиной семьи
245 ## - TITLE STATEMENT
Statement of responsibility, etc. Ред.А.И.Заварский
260 ## - PUBLICATION, DISTRIBUTION, ETC.
Place of publication, distribution, etc. Москва
260 ## - PUBLICATION, DISTRIBUTION, ETC.
Name of publisher, distributor, etc. Колос
260 ## - PUBLICATION, DISTRIBUTION, ETC.
Date of publication, distribution, etc. 1975
300 ## - PHYSICAL DESCRIPTION
Extent 295стр.21см.
653 ## - INDEX TERM--UNCONTROLLED
Uncontrolled term Биология пчелиной семьи
653 ## - INDEX TERM--UNCONTROLLED
Uncontrolled term ბიოლოგია
942 ## - ADDED ENTRY ELEMENTS (KOHA)
Koha item type წიგნი
ეგზემპლარები
Withdrawn status Lost status Damaged status Not for loan Date acquired Barcode Date last seen Price effective from Koha item type
        2018-12-17 20421 2018-12-17 2018-12-17 წიგნი
        2018-12-17 20422 2018-12-17 2018-12-17 წიგნი